Villes d'Ariège en images - Statistiques

Statistiques générales
  • Ce quiz a été pris 114 fois
  • Le résultat moyen est 9 sur 18
Statistiques - réponses
Par images Hint Réponse % Correct
F Foix
100%
P Pamiers
94%
M Mirepoix
77%
S Saint-Girons
70%
T Tarascon-sur-Ariège
70%
S Saverdun
65%
A Ax-les-Thermes
57%
L Lavelanet
54%
M Montségur
51%
M Mazères
48%
V Varilhes
41%
(L) H L'Hospitalet-près-l'Andorre
36%
S Saint-Lizier
25%
V Verniolle
23%
L Lézat-sur-Lèze
21%
B Baulou
14%
D Daumazan-sur-Arize
9%
C Camon
7%
Aucun quiz correspondant
Distribution des résultats
% des personnes avec chaque résultat
Percentile par nombre de réponses
Votre historique - résultats
Vous n’avez pas pris ce quiz